Statistiques concernant Fables de La Fontaine : Le Corbeau et le Renard

Cliquez ici pour prendre le quiz!

Statistiques générales

  • Ce quiz a été pris 32 650 fois
  • Le résultat moyen est 79 sur 126

Statistiques - réponses

% Correct
corbeau
99%
Corbeau,
99%
Corbeau.
99%
à
98%
A
98%
renard
97%
Renard,
97%
fromage
96%
fromage.
96%
un
96%
arbre
95%
son
95%
bec
94%
bec,
94%
perché,
94%
sur
94%
Maître
93%
Tenait
90%
le
87%
Le
87%
en
86%
ce
83%
Lui
82%
alléché,
81%
et
81%
Et
81%
l'odeur
80%
se
79%
Se
79%
peu
78%
vous
78%
Vous
78%
par
77%
près
77%
de
76%
êtes
74%
langage :
74%
si
73%
beau !
72%
que
72%
Que
72%
plumage,
71%
votre
69%
ces
67%
bois.
66%
tint
66%
ramage
65%
me
64%
"Mon
64%
rapporte
61%
mots
60%
sa
59%
monsieur,
58%
Monsieur
58%
phénix
57%
semblez
56%
joli !
55%
bon
53%
des
52%
du
50%
ne
50%
hôtes
48%
s'en
48%
tomber
48%
dit :
45%
Sans
42%
sans
42%
sent
42%
plus.
41%
Il
40%
large
40%
proie.
40%
bonjour,
39%
joie ;
39%
ouvre
39%
pas
39%
bien
38%
mentir,
38%
laisse
37%
qui
37%
tout
35%
Hé !
34%
Vit
33%
celui
32%
saisit,
32%
vaut
32%
voix,
32%
Cette
31%
flatteur
31%
pour
31%
belle
30%
leçon
30%
l'écoute.
30%
mais
30%
Apprenez
28%
doute."
27%
Jura,
27%
montrer
27%
aux
26%
qu'on
26%
tard,
26%
l'y
24%
honteux
23%
prendrait
23%
confus,
21%
dépens
20%

Distribution des résultats

Percentile par nombre de réponses

% des personnes avec chaque résultat

Votre développement - résultats

Vous n’avez pas pris ce quiz